Estrategias de ortotipografía aplicadas a la redacción administrativa / (Record no. 23398)

000 -CABECERA
fixed length control field 01431nam a22003617i 4500
003 - IDENTIFICADOR DEL NÚMERO DE CONTROL
control field AR-CdUCM
008 - DATOS DE LONGITUD FIJA--INFORMACIÓN GENERAL
fixed length control field 250908b20242024 pe||||| |||| 00| 0 spa d
020 ## - NÚMERO INTERNACIONAL ESTÁNDAR DEL LIBRO
ISBN 978-612-4392-68-9
040 ## - FUENTE DE LA CATALOGACIÓN
Agencia/entidad que catalogó originalmente la obra MUNICIPALIDAD PROVINCIAL DEL CUSCO
Entidad que transcribió la catalogación BIBLIOTECA MUNICIPAL DEL CUSCO
082 ## - NÚMERO DE LA CLASIFICACIÓN DECIMAL DEWEY
No. de Clasificación 461.4061 / T35
Notacion interna T35
100 ## - ENTRADA PRINCIPAL--NOMBRE DE PERSONA
Nombre Personal Tello Yarin, Eddy
245 ## - MENCIÓN DE TÍTULO
Título Estrategias de ortotipografía aplicadas a la redacción administrativa /
260 ## - PUBLICACIÓN, DISTRIBUCIÓN, ETC.
Lugar de publicación, distribución, etc. Cusco :
Nombre de la editorial, distribuidor, etc. Universidad Andina del Cusco
Fecha de publicación, distribución, etc. 2024
300 ## - DESCRIPCIÓN FÍSICA
Nº de Páginas Extensión 189 páginas. :
Dimensiones 24x19 cm.
500 ## - NOTA GENERAL
Bibliografía Página: 189
505 ## - NOTA DE CONTENIDO CON FORMATO
Nota de contenido formateada Los signos de puntuación -- Acentuación y tildación diacrítica -- La concordancia gramatical -- Los conectores -- Aspectos generales de la comunicación -- Clasificación de los documentos administrativos
650 ## - PUNTO DE ACCESO ADICIONAL DE MATERIA--TÉRMINO DE MATERIA
Descriptor Los signos de puntuación
9 (RLIN) 51530
650 ## - PUNTO DE ACCESO ADICIONAL DE MATERIA--TÉRMINO DE MATERIA
Descriptor Mayúsculas
9 (RLIN) 51531
650 ## - PUNTO DE ACCESO ADICIONAL DE MATERIA--TÉRMINO DE MATERIA
Descriptor Tildación didáctica
9 (RLIN) 51532
650 ## - PUNTO DE ACCESO ADICIONAL DE MATERIA--TÉRMINO DE MATERIA
Descriptor Los numerales
9 (RLIN) 51533
650 ## - PUNTO DE ACCESO ADICIONAL DE MATERIA--TÉRMINO DE MATERIA
Descriptor La concordancia
9 (RLIN) 51534
650 ## - PUNTO DE ACCESO ADICIONAL DE MATERIA--TÉRMINO DE MATERIA
Descriptor Los conectores
9 (RLIN) 51535
650 ## - PUNTO DE ACCESO ADICIONAL DE MATERIA--TÉRMINO DE MATERIA
Descriptor Documentos administrativos
9 (RLIN) 51536
700 ## - PUNTO DE ACCESO ADICIONAL--NOMBRE DE PERSONA
Nombre Personal Llerena Cervantes, Carla
9 (RLIN) 51537
700 ## - PUNTO DE ACCESO ADICIONAL--NOMBRE DE PERSONA
Nombre Personal Velasco Palacios, María Dolores
9 (RLIN) 51538
700 ## - PUNTO DE ACCESO ADICIONAL--NOMBRE DE PERSONA
Nombre Personal Carrión Salinas, Luz Ana
9 (RLIN) 51539
700 ## - PUNTO DE ACCESO ADICIONAL--NOMBRE DE PERSONA
Nombre Personal Valencia Vería, Marleni
9 (RLIN) 51540
700 ## - PUNTO DE ACCESO ADICIONAL--NOMBRE DE PERSONA
Nombre Personal Condori Caucha, Mery Luz
9 (RLIN) 51541
856 ## - LOCALIZACIÓN Y ACCESO ELECTRÓNICOS
Dirección electrónica www.uandina.edu.pe
942 ## - ELEMENTOS DE PUNTO DE ACCESO ADICIONAL (KOHA)
Fuente de clasificación
Tipo de item Libros-BMC
945 ## - PROCESAMIENTO DE INFORMACIÓN LOCAL (OCLC)
Catalogador pbjr
AAAA-MM-DD - Fecha de ingreso o modificacion 8-09-2025
Holdings
Estado de retiro (separado) Fuente de clasificación o esquema de estanterías Estado dañado Ubicación Sala donde se ubica Nombre de la colección Fecha de adquisición o compra Fuente de adquisición Costo, precio normal en soles Signatura topográfica Código de Barras Última vez visto (Koha) Tipo de ítem (Koha)
No     Sala Hemeroteca Sala Humanidades Book Cart 2025-09-08 Donación 20.00 461.4061 / T35 SH0000017010 2025-09-08 Libros-BMC

Powered by Koha